[Event "DEM U10/U10w 2014"]
[Site "Magdeburg GER"]
[Date "2014.06.11"]
[Round "6"]
[White "Bethke, Richard"]
[Black "Doan, Lam Phuc"]
[Result "1-0"]
[Termination "normal"]
[Board "25"]
[WhiteElo "1627"]
[BlackElo "1145"]
[PlyCount "113"]
[WhiteFideId "12959243"]
[EventCountry "GER"]
[EventRounds "11"]
[EventType "swiss"]
[EventDate "2014.06.07"]

1. e4 c5 2. Nc3 g6 3. f4 Bg7 4. Nf3 Nc6 5. Bc4 d6 6. O-O Bg4 7. Bxf7+ Kxf7 8.
Ng5+ Ke8 9. Qxg4 Nh6 10. Qe6 Nd4 11. Qc4 Qd7 12. Nd5 b5 13. Qd3 c4 14. Qh3 Qxh3
15. gxh3 Rc8 16. Ne3 Ne2+ 17. Kf2 Nxf4 18. Ke1 Bf6 19. Nxh7 Bh4+ 20. Kd1 Nxh3
21. Ng2 Nf2+ 22. Ke2 Nxe4 23. Nxh4 Rxh7 24. Nxg6 Ng4 25. Rf8+ Kd7 26. Rxc8 Kxc8
27. Kf3 Nef6 28. Kg3 Nxh2 29. Nxe7+ Rxe7 30. Kxh2 Re2+ 31. Kg3 Kd7 32. Kf3 Rh2
33. a4 b4 34. b3 c3 35. dxc3 bxc3 36. Bg5 Nd5 37. Rd1 Kc6 38. Ke4 Rxc2 39. Rxd5
Re2+ 40. Kf3 Kxd5 41. Kxe2 Kc5 42. Kd3 Kb4 43. Kc2 a6 44. Be7 Kc5 45. Kxc3 Kc6
46. Kd4 d5 47. a5 Kd7 48. Kxd5 Kxe7 49. Kc6 Kd8 50. Kb7 Kd7 51. b4 Kd6 52. Kxa6
Kc7 53. b5 Kb8 54. Kb6 Ka8 55. Kc7 Ka7 56. b6+ Ka8 57. b7+ 1-0

[Event "DEM U10/U10w 2014"]
[Site "Magdeburg GER"]
[Date "2014.06.11"]
[Round "6"]
[White "Hommer, Jeremy"]
[Black "Schnabel, Luise"]
[Result "0-1"]
[Termination "normal"]
[Board "26"]
[WhiteElo "1229"]
[BlackElo "1369"]
[PlyCount "120"]
[WhiteFideId "12992577"]
[BlackFideId "12943347"]
[EventCountry "GER"]
[EventRounds "11"]
[EventType "swiss"]
[EventDate "2014.06.07"]

1. e4 e5 2. Nf3 Nc6 3. d4 exd4 4. Nxd4 Nf6 5. Nc3 Bb4 6. Nxc6 bxc6 7. Bd3 Qe7
8. Qe2 d5 9. exd5 Qxe2+ 10. Kxe2 cxd5 11. Bd2 Bd6 12. Rhe1 O-O 13. Kf1 c6 14.
Rad1 Bd7 15. Be2 Rab8 16. Bc1 Rfe8 17. Bf3 Rxe1+ 18. Rxe1 d4 19. Ne2 c5 20. Rd1
Bb5 21. Kg1 Re8 22. Kf1 Nd7 23. b3 Ne5 24. Bd5 Bxe2+ 25. Kxe2 Ng4+ 26. Kd2 Nxf2
27. Rf1 Ne4+ 28. Kd3 Nf6 29. Bc4 h6 30. Bxh6 Bxh2 31. Bg5 Be5 32. g4 Rf8 33.
Bxf6 Bxf6 34. Kd2 Bg5+ 35. Kd1 g6 36. Re1 Be3 37. c3 Rd8 38. Kc2 Kf8 39. Rf1
Rd7 40. Rf6 dxc3 41. Kxc3 Bd4+ 42. Kc2 Bxf6 43. Kc1 Bg5+ 44. Kc2 f5 45. Be6
Rd2+ 46. Kc3 fxg4 47. Bxg4 Rd4 48. Bf3 Bf6 49. Kc2 g5 50. a3 g4 51. Bg2 Bg5 52.
Kc3 g3 53. b4 Rd2 54. Bb7 g2 55. Bxg2 Rxg2 56. bxc5 Re2 57. Kd4 Rc2 58. Kd5 Ke8
59. Kd6 Be7+ 60. Ke6 Bxc5 0-1

[Event "DEM U10/U10w 2014"]
[Site "Magdeburg GER"]
[Date "2014.06.11"]
[Round "6"]
[White "Stockmann, Till"]
[Black "Wu, Luka"]
[Result "0-1"]
[Termination "normal"]
[Board "27"]
[WhiteElo "1162"]
[BlackElo "1433"]
[PlyCount "100"]
[WhiteFideId "12979341"]
[BlackFideId "12977420"]
[EventCountry "GER"]
[EventRounds "11"]
[EventType "swiss"]
[EventDate "2014.06.07"]

1. e4 c5 2. Nf3 d6 3. d4 cxd4 4. Nxd4 Nf6 5. Nc3 g6 6. Bc4 Bg7 7. O-O Nc6 8.
Nxc6 bxc6 9. Bg5 O-O 10. Qd2 Rb8 11. Bb3 Ba6 12. Rfd1 c5 13. Rab1 Rb4 14. a3
Rd4 15. Qe1 Rxd1 16. Rxd1 Qb6 17. Qd2 c4 18. Ba4 Qxb2 19. Rb1 Qxa3 20. Be3 Nxe4
21. Nxe4 Qxa4 22. c3 Qc6 23. Ng3 Bb7 24. f3 Qd5 25. Qc1 a5 26. Bh6 Bxh6 27.
Qxh6 Qc5+ 28. Kf1 Bc6 29. Re1 e6 30. Qd2 a4 31. Ra1 Ra8 32. Qe2 Qd5 33. Kg1 Qd3
34. Qb2 Qe3+ 35. Kh1 a3 36. Qb4 a2 37. Qb2 Qa7 38. Qc1 Qa3 39. Qc2 Qb3 40. Qc1
Rb8 41. Ne2 Qb1 42. Ng1 Qxc1 43. Rxc1 Rb1 44. Rxb1 axb1=Q 45. h4 Qb3 46. h5
Qxc3 47. h6 Qe1 48. f4 c3 49. f5 c2 50. f6 Qh4+ 0-1

[Event "DEM U10/U10w 2014"]
[Site "Magdeburg GER"]
[Date "2014.06.11"]
[Round "6"]
[White "Grünwald, Max"]
[Black "Mailitis, Ricardo"]
[Result "1-0"]
[Termination "normal"]
[Board "28"]
[WhiteElo "1340"]
[BlackElo "1205"]
[PlyCount "105"]
[WhiteFideId "12992283"]
[BlackFideId "12977535"]
[EventCountry "GER"]
[EventRounds "11"]
[EventType "swiss"]
[EventDate "2014.06.07"]

1. e4 e5 2. Nc3 Nc6 3. f4 d6 4. Nf3 Bg4 5. Bc4 Nf6 6. O-O Nd4 7. fxe5 dxe5 8.
Bxf7+ Kxf7 9. Nxe5+ Ke8 10. Nxg4 Nxg4 11. Qxg4 Bc5 12. Qh5+ g6 13. Qxc5 Nxc2
14. Qf2 Qd7 15. Nd5 Qg7 16. Rb1 c6 17. Nf6+ Ke7 18. Qc5+ Ke6 19. e5 Rad8 20.
Qxc2 Kxe5 21. Qe4+ Kd6 22. Qd4+ Ke6 23. Re1+ Kf7 24. Qe5 Qxf6 25. Rf1 Qxf1+ 26.
Kxf1 Rde8 27. Qc7+ Re7 28. Qf4+ Kg7 29. b3 Rf8 30. Qxf8+ Kxf8 31. Ba3 b6 32.
Bxe7+ Kxe7 33. Ke2 Ke6 34. Ke3 Ke5 35. d4+ Kd5 36. Rd1 c5 37. dxc5+ Kxc5 38.
Kf4 Kb4 39. Kg5 Ka3 40. Rd2 b5 41. Kh6 b4 42. Kxh7 a6 43. Kxg6 a5 44. h4 a4 45.
Rd3 axb3 46. Rxb3+ Ka4 47. h5 Kb5 48. h6 Ka6 49. Rxb4 Ka5 50. a3 Ka6 51. h7 Ka7
52. h8=R Ka6 53. Ra8# 1-0

[Event "DEM U10/U10w 2014"]
[Site "Magdeburg GER"]
[Date "2014.06.11"]
[Round "6"]
[White "Pahl, Theis"]
[Black "Neumann, Konstantina"]
[Result "1/2-1/2"]
[Termination "normal"]
[Board "30"]
[WhiteElo "1311"]
[BlackElo "1183"]
[PlyCount "87"]
[WhiteFideId "16201264"]
[BlackFideId "16200543"]
[EventCountry "GER"]
[EventRounds "11"]
[EventType "swiss"]
[EventDate "2014.06.07"]

1. e4 e5 2. Nc3 Nf6 3. f4 exf4 4. e5 Ng8 5. d4 Nc6 6. Nf3 d5 7. Bxf4 Bb4 8. h3
Bf5 9. Bd3 Nge7 10. Qd2 Be4 11. a3 Bxf3 12. gxf3 Nxd4 13. Qe3 Bxc3+ 14. bxc3
Ndc6 15. Kd2 O-O 16. Rhg1 Ng6 17. Bg5 Qd7 18. Bxg6 fxg6 19. Rg3 Qf5 20. Qf2
Nxe5 21. Rf1 Rae8 22. Kd1 h6 23. Bc1 Rf6 24. f4 Ref8 25. Qd4 Qh5+ 26. Ke1 Qh4
27. Qxd5+ Kh7 28. Qg2 g5 29. Ke2 gxf4 30. Rxg7+ Kh8 31. Bxf4 Rxf4 32. Rxf4 Qxf4
33. Rxc7 Qf3+ 34. Qxf3 Rxf3 35. Rxb7 Rxh3 36. Rxa7 h5 37. Kf2 h4 38. Kg2 Rxc3
39. Ra5 h3+ 40. Kh2 Ng4+ 41. Kh1 h2 42. Rh5+ Kg7 43. Rh4 Nf2+ 44. Kxh2 1/2-1/2

[Event "DEM U10/U10w 2014"]
[Site "Magdeburg GER"]
[Date "2014.06.11"]
[Round "6"]
[White "Rößl, Adam"]
[Black "Bardorz, Jana"]
[Result "1/2-1/2"]
[Termination "normal"]
[Board "31"]
[WhiteElo "1310"]
[BlackElo "1175"]
[PlyCount "50"]
[WhiteFideId "16246047"]
[BlackFideId "16208897"]
[EventCountry "GER"]
[EventRounds "11"]
[EventType "swiss"]
[EventDate "2014.06.07"]

1. e4 e5 2. Nf3 Nc6 3. Bc4 Nf6 4. d3 Be7 5. Nc3 d6 6. Nd5 Nxd5 7. Bxd5 Be6 8.
Bxe6 fxe6 9. d4 exd4 10. Nxd4 Qd7 11. O-O O-O 12. c3 e5 13. Nf5 Bf6 14. Qg4 Kh8
15. f4 g6 16. Nh6 Qxg4 17. Nxg4 exf4 18. Bxf4 Be5 19. Bh6 Bg7 20. Bxg7+ Kxg7
21. Rae1 Rae8 22. Rxf8 Kxf8 23. Nf6 Re7 24. Rf1 Kg7 25. Rf4 Ne5 1/2-1/2

[Event "DEM U10/U10w 2014"]
[Site "Magdeburg GER"]
[Date "2014.06.11"]
[Round "6"]
[White "Basovskiy, Jana"]
[Black "Mimkes, Pavel"]
[Result "0-1"]
[Termination "normal"]
[Board "33"]
[WhiteElo "1157"]
[BlackElo "1271"]
[PlyCount "100"]
[WhiteFideId "16208617"]
[BlackFideId "12990833"]
[EventCountry "GER"]
[EventRounds "11"]
[EventType "swiss"]
[EventDate "2014.06.07"]

1. e4 e5 2. Nf3 Nc6 3. Bc4 Nf6 4. Ng5 d5 5. exd5 Na5 6. Bb5+ c6 7. dxc6 bxc6 8.
Be2 h6 9. Nf3 e4 10. Ne5 Bd6 11. d4 exd3 12. Nxd3 Qc7 13. h3 O-O 14. Nc3 Be6
15. Be3 Nc4 16. b3 Nxe3 17. fxe3 Rad8 18. Qd2 Bb4 19. a3 Qa5 20. axb4 Qxa1+ 21.
Bd1 Nd5 22. Nxd5 Bxd5 23. Qc1 Qxc1 24. Nxc1 Bxg2 25. Rh2 Be4 26. c3 Rfe8 27. h4
Bd3 28. Rh3 Bf5 29. Rg3 Rd6 30. Kf2 Rxd1 31. Ne2 Rd2 32. Kf3 Be4+ 33. Kf2 Bd3
34. Ke1 Rxe2+ 35. Kd1 R8xe3 36. Rxe3 Rxe3 37. Kd2 Rh3 38. Ke1 Rxh4 39. Kf2 Kf8
40. Ke3 Bc2 41. Kd2 Bxb3 42. Kc1 Rh2 43. Kb1 Ke7 44. Ka1 Kd6 45. Kb1 Ke5 46.
Ka1 Ke4 47. Kb1 Kd3 48. Kc1 Kxc3 49. Kb1 Bc4 50. b5 Rh1# 0-1

[Event "DEM U10/U10w 2014"]
[Site "Magdeburg GER"]
[Date "2014.06.11"]
[Round "6"]
[White "Diderle, Konstantin"]
[Black "Muths, Lukas"]
[Result "1-0"]
[Termination "normal"]
[Board "34"]
[WhiteElo "1103"]
[BlackElo "1248"]
[PlyCount "103"]
[WhiteFideId "12965197"]
[BlackFideId "12953156"]
[EventCountry "GER"]
[EventRounds "11"]
[EventType "swiss"]
[EventDate "2014.06.07"]

1. e4 e5 2. Nf3 Nf6 3. Nc3 Nc6 4. Bc4 Nxe4 5. Nxe4 d5 6. Bd3 dxe4 7. Bxe4 Bd6
8. Bxc6+ bxc6 9. O-O O-O 10. Re1 Re8 11. d3 Bg4 12. Qe2 Qe7 13. Qe4 Bd7 14. Nd2
Rab8 15. b3 Bb4 16. Re2 Bc3 17. Rb1 Bd4 18. Qf3 a5 19. a4 Qe6 20. Qg3 Qg4 21.
Qxg4 Bxg4 22. Re1 f5 23. Bb2 Bxb2 24. Rxb2 Re7 25. f3 Bh5 26. Nc4 Rbe8 27. Nxa5
Re6 28. Nc4 e4 29. Kf2 g5 30. h3 Bg6 31. a5 h5 32. a6 Ra8 33. Ra2 g4 34. hxg4
hxg4 35. fxg4 f4 36. dxe4 Rxe4 37. Rxe4 Bxe4 38. g3 fxg3+ 39. Kxg3 Kg7 40. a7
Kf6 41. Ra5 Bd5 42. Ne3 Ke6 43. Nxd5 cxd5 44. c3 Ke5 45. Kf3 c5 46. Ke3 Ke6 47.
b4 cxb4 48. cxb4 Ke5 49. b5 Kd6 50. Kd4 Ke6 51. b6 Rc8 52. Rxd5 1-0

[Event "DEM U10/U10w 2014"]
[Site "Magdeburg GER"]
[Date "2014.06.11"]
[Round "6"]
[White "Fischer, Laura"]
[Black "Ackermann, Richard"]
[Result "0-1"]
[Termination "normal"]
[Board "35"]
[WhiteElo "1091"]
[BlackElo "1239"]
[PlyCount "46"]
[WhiteFideId "16208935"]
[BlackFideId "12987026"]
[EventCountry "GER"]
[EventRounds "11"]
[EventType "swiss"]
[EventDate "2014.06.07"]

1. e4 e5 2. Nf3 Nc6 3. Bc4 Nf6 4. Nc3 Nxe4 5. Bxf7+ Kxf7 6. Nxe4 d5 7. Neg5+
Kg8 8. O-O h6 9. Nh3 g5 10. d4 g4 11. Nxe5 gxh3 12. Qh5 Rh7 13. gxh3 Nxd4 14.
Kh1 Qf6 15. Rg1+ Rg7 16. Rxg7+ Bxg7 17. Be3 Qxe5 18. Qxe5 Bxe5 19. Rg1+ Kf7 20.
c3 Nf3 21. Rd1 Bxh3 22. Rxd5 Rg8 23. Rd1 Bg2# 0-1

[Event "DEM U10/U10w 2014"]
[Site "Magdeburg GER"]
[Date "2014.06.11"]
[Round "6"]
[White "Schmidtmann, Samantha"]
[Black "Paulsen, Niels-Martin"]
[Result "1-0"]
[Termination "normal"]
[Board "36"]
[WhiteElo "1403"]
[BlackElo "1043"]
[PlyCount "99"]
[WhiteFideId "12956759"]
[BlackFideId "16214994"]
[EventCountry "GER"]
[EventRounds "11"]
[EventType "swiss"]
[EventDate "2014.06.07"]

1. e4 e6 2. d4 d5 3. Nc3 Bb4 4. a3 Bxc3+ 5. bxc3 Nc6 6. e5 f6 7. Bd3 fxe5 8.
Qh5+ Kf8 9. dxe5 Qe8 10. Qxe8+ Kxe8 11. Nf3 Nge7 12. Bb2 Na5 13. Bb5+ Bd7 14.
Bxd7+ Kxd7 15. Nd4 Nc4 16. Rb1 Nxe5 17. O-O N5c6 18. Nf3 e5 19. Rbd1 Rad8 20.
Rfe1 Ng6 21. Rxd5+ Ke6 22. Rxd8 Rxd8 23. Ng5+ Kf5 24. Nf3 Re8 25. Nd4+ Kf6 26.
Nxc6 bxc6 27. c4 c5 28. g3 Kf5 29. f4 Re6 30. fxe5 Nxe5 31. g4+ Kf6 32. Kf2 g6
33. Kg3 h5 34. gxh5 gxh5 35. Kf4 c6 36. Rxe5 Rxe5 37. Bxe5+ Ke6 38. Bb8 a6 39.
Kg5 h4 40. Kxh4 Kf7 41. Kg5 Kg7 42. h4 a5 43. Ba7 a4 44. Bxc5 Kh7 45. h5 Kg7
46. h6+ Kh7 47. Kh5 Kh8 48. Kg6 Kg8 49. h7+ Kh8 50. Bd4# 1-0

[Event "DEM U10/U10w 2014"]
[Site "Magdeburg GER"]
[Date "2014.06.11"]
[Round "6"]
[White "Breitzmann, Sander"]
[Black "Delgado, Celina"]
[Result "1-0"]
[Termination "normal"]
[Board "37"]
[WhiteElo "1220"]
[BlackElo "1023"]
[PlyCount "99"]
[WhiteFideId "12987085"]
[BlackFideId "12993735"]
[EventCountry "GER"]
[EventRounds "11"]
[EventType "swiss"]
[EventDate "2014.06.07"]

1. e4 e5 2. Nf3 Nc6 3. Bc4 Bc5 4. c3 Nf6 5. d3 d5 6. exd5 Nxd5 7. O-O O-O 8.
Bg5 f6 9. Be3 Bxe3 10. fxe3 Kh8 11. Qe2 Bg4 12. Nbd2 f5 13. e4 Nf4 14. Qe3 Ne7
15. Rad1 Neg6 16. h3 Bxf3 17. Nxf3 Nh4 18. Nxe5 Nfxg2 19. Qd2 Qe7 20. d4 f4 21.
Rf2 f3 22. Bd3 Qe6 23. Kh2 Qh6 24. Qxh6 gxh6 25. Nc4 Nf4 26. e5 Nxd3 27. Rxd3
c6 28. Kg3 Nf5+ 29. Kg4 Rf7 30. Rdxf3 h5+ 31. Kxh5 Ng3+ 32. Kh4 Rxf3 33. Rxf3
Ne4 34. Rf4 b5 35. Rxe4 bxc4 36. e6 Re8 37. Kg5 Rg8+ 38. Kf6 Rf8+ 39. Ke7 Rg8
40. Rf4 Rg7+ 41. Rf7 Rg5 42. Kf6 Rg6+ 43. Ke5 Rg5+ 44. Rf5 Rg7 45. Rf8+ Rg8 46.
e7 Kg7 47. Rxg8+ Kxg8 48. e8=Q+ Kg7 49. Qe7+ Kg8 50. Kf6 1-0

[Event "DEM U10/U10w 2014"]
[Site "Magdeburg GER"]
[Date "2014.06.11"]
[Round "6"]
[White "Schönweiler, Elisabeth"]
[Black "Memtimin, Esma"]
[Result "1-0"]
[Termination "normal"]
[Board "38"]
[WhiteElo "1217"]
[BlackElo "1002"]
[PlyCount "123"]
[WhiteFideId "12997005"]
[BlackFideId "12993514"]
[EventCountry "GER"]
[EventRounds "11"]
[EventType "swiss"]
[EventDate "2014.06.07"]

1. e4 e6 2. d4 d5 3. e5 c5 4. c3 Nc6 5. Nf3 Qb6 6. Be2 Nh6 7. a3 a5 8. O-O cxd4
9. cxd4 Nf5 10. Be3 Qxb2 11. Nbd2 Nfxd4 12. Bxd4 Nxd4 13. Nxd4 Qxd4 14. Nf3
Qxd1 15. Rfxd1 Bd7 16. Rdb1 Rb8 17. a4 Bc5 18. Bb5 Bxb5 19. Rxb5 b6 20. Rab1
O-O 21. Ne1 f6 22. Nd3 Bd4 23. exf6 Rxf6 24. Kf1 Kf7 25. f3 Ke7 26. Nc1 Kd6 27.
Nb3 Be3 28. Ke2 d4 29. Nd2 Kc6 30. Nc4 Bf4 31. Rxb6+ Rxb6 32. Nxb6 Bxh2 33. Kd3
Bc7 34. Nc4 e5 35. Rb5 Rf5 36. Nxa5+ Bxa5 37. Rxa5 g6 38. Rb5 Rg5 39. g4 h5 40.
gxh5 gxh5 41. Rb8 Kc7 42. Rh8 Kb6 43. Rb8+ Ka5 44. Ra8+ Kb4 45. a5 Rg1 46. a6
Rg7 47. a7 h4 48. Rb8+ Kc5 49. a8=Q h3 50. Rh8 Rg1 51. Qc8+ Kb6 52. Qxh3 Rd1+
53. Ke2 Ra1 54. Rb8+ Kc5 55. Rb2 d3+ 56. Kxd3 Ra3+ 57. Kc2 e4 58. Qc8+ Kd4 59.
fxe4 Kxe4 60. Qc4+ Ke5 61. Rb5+ Kd6 62. Qc5+ 1-0

[Event "DEM U10/U10w 2014"]
[Site "Magdeburg GER"]
[Date "2014.06.11"]
[Round "6"]
[White "Khanbekyan, Areg"]
[Black "Limbach, Anna-Lena"]
[Result "1-0"]
[Termination "normal"]
[Board "39"]
[WhiteElo "962"]
[BlackElo "1091"]
[PlyCount "115"]
[WhiteFideId "12993727"]
[BlackFideId "12980412"]
[EventCountry "GER"]
[EventRounds "11"]
[EventType "swiss"]
[EventDate "2014.06.07"]

1. e4 e6 2. d4 d5 3. exd5 exd5 4. Bd3 Bd6 5. Nf3 Nc6 6. O-O Nf6 7. Bg5 O-O 8.
c3 h6 9. Bh4 Re8 10. Bc2 Ne7 11. Bxf6 gxf6 12. Qd3 Bf5 13. Qd2 Bxc2 14. Qxc2
Qd7 15. Nbd2 Qf5 16. Qxf5 Nxf5 17. g4 Ng7 18. Rfe1 f5 19. g5 hxg5 20. Nxg5 f6
21. Ngf3 Nh5 22. c4 dxc4 23. Nxc4 Nf4 24. Nh4 Bb4 25. Rxe8+ Rxe8 26. Nxf5 Nh3+
27. Kg2 Nf4+ 28. Kf3 Nd5 29. Nce3 Nxe3 30. fxe3 c5 31. Rg1+ Kf7 32. Nd6+ Ke7
33. Nxe8 Kxe8 34. a3 Ba5 35. dxc5 Bc7 36. h4 b6 37. Rg8+ Kf7 38. Rc8 Be5 39. c6
Ke7 40. Ra8 Kd6 41. c7 Kxc7 42. Rxa7+ Kc6 43. b4 b5 44. h5 f5 45. h6 Kd5 46. h7
Kc4 47. Re7 Bf6 48. Kf4 Kb3 49. Kxf5 Bb2 50. e4 Bh8 51. e5 Kxa3 52. Kg6 Kxb4
53. Re8 Bxe5 54. Rxe5 Kc4 55. h8=Q b4 56. Qc8+ Kb3 57. Re3+ Ka4 58. Qa6# 1-0

[Event "DEM U10/U10w 2014"]
[Site "Magdeburg GER"]
[Date "2014.06.11"]
[Round "6"]
[White "Kurzweil, Nalani"]
[Black "Oyunbat, Oyunchimeg"]
[Result "1-0"]
[Termination "normal"]
[Board "40"]
[WhiteElo "1194"]
[BlackElo "1043"]
[PlyCount "101"]
[WhiteFideId "12985694"]
[EventCountry "GER"]
[EventRounds "11"]
[EventType "swiss"]
[EventDate "2014.06.07"]

1. d4 d5 2. c4 dxc4 3. e3 Nf6 4. Nc3 e6 5. Bxc4 c5 6. Nf3 Nc6 7. dxc5 Qxd1+ 8.
Kxd1 Bxc5 9. Ke2 O-O 10. Rd1 e5 11. h3 h6 12. Nd5 Nxd5 13. Bxd5 Rb8 14. Bxc6
bxc6 15. Nxe5 Ba6+ 16. Kf3 Bb5 17. Bd2 Rfd8 18. a4 Bd6 19. Nxf7 Kxf7 20. axb5
Rxb5 21. Rxa7+ Kg6 22. Bc3 Rf8+ 23. Ke2 Be5 24. Bxe5 Rxe5 25. Rd6+ Rf6 26.
Rxf6+ gxf6 27. Ra4 h5 28. Rc4 Rb5 29. b4 Rb6 30. Kf3 Kf7 31. Kf4 Ke6 32. e4 Kd6
33. f3 Rb7 34. Kf5 Rb5+ 35. Kxf6 c5 36. bxc5+ Rxc5 37. Rxc5 Kxc5 38. e5 Kd4 39.
e6 Ke3 40. e7 Kf2 41. e8=Q Kxg2 42. Qe2+ Kxh3 43. Kg5 h4 44. f4 Kg3 45. Qg4+
Kh2 46. Kxh4 Kh1 47. Qf3+ Kg1 48. Kg4 Kh2 49. Qe2+ Kg1 50. Kg3 Kh1 51. Qh2# 1-0

[Event "DEM U10/U10w 2014"]
[Site "Magdeburg GER"]
[Date "2014.06.11"]
[Round "6"]
[White "Pflugradt, Natalie"]
[Black "Kalina, Lena"]
[Result "0-1"]
[Termination "normal"]
[Board "41"]
[WhiteElo "1127"]
[BlackElo "781"]
[PlyCount "108"]
[WhiteFideId "16212444"]
[BlackFideId "12988014"]
[EventCountry "GER"]
[EventRounds "11"]
[EventType "swiss"]
[EventDate "2014.06.07"]

1. e4 e5 2. Nf3 Nc6 3. Bc4 Bc5 4. c3 d6 5. d4 Be6 6. Bb3 Bb6 7. d5 Bg4 8. dxc6
bxc6 9. Be3 Nf6 10. Nbd2 Qd7 11. Qc2 O-O 12. h3 Be6 13. Ng5 h6 14. Nxe6 fxe6
15. O-O-O d5 16. exd5 cxd5 17. Bxb6 axb6 18. f3 c6 19. Ne4 Qe7 20. Nxf6+ Qxf6
21. Kb1 Ra7 22. Qf2 Rb8 23. g4 Qg6+ 24. Bc2 Qg5 25. h4 Qf4 26. Rh3 Rba8 27. a3
e4 28. Qg3 Rf7 29. Qxf4 Rxf4 30. g5 exf3 31. gxh6 gxh6 32. Rg3+ Kf7 33. Rf1
Rxh4 34. Rgxf3+ Ke7 35. Rf7+ Kd6 36. R7f4 Rxf4 37. Rxf4 Rh8 38. Kc1 h5 39. Kd2
h4 40. Rf1 h3 41. Rh1 Ke5 42. Ke3 b5 43. Kf3 d4 44. cxd4+ Kxd4 45. Rd1+ Kc5 46.
b4+ Kb6 47. Kg3 c5 48. bxc5+ Kxc5 49. Rh1 Ra8 50. Rxh3 Rxa3+ 51. Kg4 Ra2 52.
Rc3+ Kb6 53. Kf3 b4 54. Rc4 Kb5 0-1

[Event "DEM U10/U10w 2014"]
[Site "Magdeburg GER"]
[Date "2014.06.11"]
[Round "6"]
[White "Sulzbacher, Marijana"]
[Black "Diederich, Greta"]
[Result "1/2-1/2"]
[Termination "normal"]
[Board "42"]
[WhiteElo "1016"]
[BlackElo "1036"]
[PlyCount "51"]
[WhiteFideId "34658181"]
[BlackFideId "12988618"]
[EventCountry "GER"]
[EventRounds "11"]
[EventType "swiss"]
[EventDate "2014.06.07"]

1. e4 e5 2. Nf3 d6 3. d3 Nc6 4. Be3 Be7 5. Be2 Nf6 6. Nbd2 O-O 7. O-O Be6 8.
Ng5 h6 9. Nxe6 fxe6 10. Bg4 Qd7 11. Qf3 d5 12. Qh3 Nxg4 13. Qxg4 Rf6 14. f3 d4
15. Bf2 a5 16. Qg3 b5 17. c4 bxc4 18. Nxc4 Bd6 19. Nxd6 cxd6 20. Qg4 Nb4 21.
Bh4 g5 22. Bxg5 hxg5 23. Qxg5+ Kf7 24. Qh5+ Ke7 25. Qh7+ Rf7 26. Qh4+ 1/2-1/2

[Event "DEM U10/U10w 2014"]
[Site "Magdeburg GER"]
[Date "2014.06.11"]
[Round "6"]
[White "Kind, Swantje"]
[Black "Glinzner, Alva"]
[Result "0-1"]
[Termination "normal"]
[Board "43"]
[WhiteElo "938"]
[BlackElo "1194"]
[PlyCount "98"]
[BlackFideId "16206169"]
[EventCountry "GER"]
[EventRounds "11"]
[EventType "swiss"]
[EventDate "2014.06.07"]

1. e4 c6 2. Nf3 d5 3. Nc3 Bg4 4. h3 Bh5 5. d4 e6 6. Bf4 Bb4 7. Be2 Nf6 8. e5
Ne4 9. Bd2 Bxc3 10. bxc3 Bg6 11. Bf4 Nxc3 12. Qd2 Ne4 13. Qc1 Nd7 14. O-O O-O
15. Bd3 Nc3 16. Bxg6 Ne2+ 17. Kh1 Nxc1 18. Raxc1 fxg6 19. Bg5 Qa5 20. Ra1 Rac8
21. Be7 Rfe8 22. Bd6 Nb6 23. Ng5 h6 24. Nf3 Nc4 25. Bc5 b6 26. Bd6 Nxd6 27.
exd6 Rcd8 28. Ne5 Rxd6 29. a4 Qc3 30. a5 b5 31. Nxg6 Qxd4 32. Rfd1 Qe4 33. f3
Qxg6 34. g4 a6 35. h4 Qxc2 36. Rdc1 Qf2 37. Rc3 Qxh4+ 38. Kg2 Qf6 39. Rac1 e5
40. Kg3 e4 41. fxe4 dxe4 42. Re1 Qxc3+ 43. Kf2 Rde6 44. Re3 Qc5 45. g5 Qxg5 46.
Rg3 Qd2+ 47. Kg1 e3 48. Rxe3 Rxe3 49. Kf1 Re1# 0-1

[Event "DEM U10/U10w 2014"]
[Site "Magdeburg GER"]
[Date "2014.06.11"]
[Round "6"]
[White "Wiemann, Vanessa"]
[Black "Heutling, Elina"]
[Result "1-0"]
[Termination "normal"]
[Board "45"]
[WhiteElo "1034"]
[BlackElo "962"]
[PlyCount "99"]
[WhiteFideId "12942987"]
[BlackFideId "16244729"]
[EventCountry "GER"]
[EventRounds "11"]
[EventType "swiss"]
[EventDate "2014.06.07"]

1. e4 e5 2. Nf3 Nc6 3. Bc4 Bc5 4. c3 Nf6 5. d4 exd4 6. cxd4 d5 7. exd5 Nxd5 8.
dxc5 Nce7 9. Nc3 c6 10. O-O O-O 11. h3 Be6 12. Bb3 Qc8 13. Nxd5 cxd5 14. Qc2
Bf5 15. Qe2 Qxc5 16. Re1 Ng6 17. Be3 Qc8 18. Bxd5 Re8 19. Qc4 Qxc4 20. Bxc4 Be4
21. Ng5 Re7 22. Rad1 h6 23. Nf3 Bxf3 24. gxf3 Nh4 25. Bd5 Nf5 26. Bc5 Rxe1+ 27.
Rxe1 Nh4 28. Bxb7 Rb8 29. Be4 Rxb2 30. Rd1 f5 31. Rd8+ Kf7 32. Bd5+ Kg6 33.
Rd6+ Kh7 34. Bxa7 Rb1+ 35. Kh2 f4 36. Be4+ g6 37. Bxb1 Nxf3+ 38. Kg2 Ne1+ 39.
Kf1 Nf3 40. Bxg6+ Kg7 41. a4 Nh2+ 42. Ke2 f3+ 43. Kd3 Nf1 44. Ke4 Nd2+ 45. Rxd2
Kf6 46. Rd6+ Kg5 47. Be3+ Kh4 48. Kxf3 Kxh3 49. Bf5+ Kh4 50. Rxh6# 1-0

[Event "DEM U10/U10w 2014"]
[Site "Magdeburg GER"]
[Date "2014.06.11"]
[Round "6"]
[White "Kiesel, Lara"]
[Black "Ultsch, Paul"]
[Result "1-0"]
[Termination "time forfeit"]
[Board "46"]
[WhiteElo "893"]
[BlackElo "1024"]
[PlyCount "63"]
[WhiteFideId "12973785"]
[BlackFideId "12955965"]
[EventCountry "GER"]
[EventRounds "11"]
[EventType "swiss"]
[EventDate "2014.06.07"]

1. e4 e5 2. Nf3 Nc6 3. Bb5 d6 4. O-O Nf6 5. Nc3 Bg4 6. d3 Be7 7. Be3 O-O 8. h3
Bd7 9. Qd2 h6 10. Rfe1 a6 11. Bc4 Nh7 12. Nd5 Na7 13. a3 c6 14. Nxe7+ Qxe7 15.
b4 b5 16. Bb3 Qf6 17. c4 Be6 18. Rab1 bxc4 19. dxc4 Rfd8 20. Qc2 Rd7 21. Red1
Nc8 22. c5 Bxb3 23. Rxb3 d5 24. exd5 Rxd5 25. Rbd3 Ne7 26. Nh2 h5 27. a4 Rb8
28. Qd2 Qe6 29. Re1 f5 30. Bf4 Ng6 31. Qe3 Rxd3 32. Qxd3 1-0

[Event "DEM U10/U10w 2014"]
[Site "Magdeburg GER"]
[Date "2014.06.11"]
[Round "6"]
[White "Eschner, Fabian"]
[Black "Bossert, Moritz"]
[Result "1-0"]
[Termination "normal"]
[Board "47"]
[WhiteElo "1018"]
[BlackElo "953"]
[PlyCount "67"]
[WhiteFideId "16232860"]
[BlackFideId "16239946"]
[EventCountry "GER"]
[EventRounds "11"]
[EventType "swiss"]
[EventDate "2014.06.07"]

1. e4 e6 2. d4 d5 3. exd5 exd5 4. Bd3 c5 5. c3 Nf6 6. Nf3 Be7 7. O-O O-O 8. Re1
Be6 9. Qc2 Nbd7 10. Ng5 g6 11. Nxe6 fxe6 12. Rxe6 Kf7 13. Re1 c4 14. Be2 Re8
15. Bf3 Bd6 16. Rxe8 Qxe8 17. Be3 Ne4 18. Nd2 Ndf6 19. Re1 Nxd2 20. Bxd2 Qd7
21. g3 Re8 22. Rxe8 Qxe8 23. Kg2 Ne4 24. a3 Kf6 25. h4 Nxd2 26. Qxd2 Qb5 27.
Qg5+ Ke6 28. Qd2 h5 29. g4 Qe8 30. Qe2+ Kf7 31. Bxd5+ Kf8 32. Qxe8+ Kxe8 33.
gxh5 gxh5 34. Bxb7 1-0

[Event "DEM U10/U10w 2014"]
[Site "Magdeburg GER"]
[Date "2014.06.11"]
[Round "6"]
[White "Morgenstern, Tobias"]
[Black "Schneider, Katharina"]
[Result "1-0"]
[Termination "normal"]
[Board "48"]
[WhiteElo "1073"]
[BlackElo "929"]
[PlyCount "67"]
[WhiteFideId "12974390"]
[BlackFideId "16200519"]
[EventCountry "GER"]
[EventRounds "11"]
[EventType "swiss"]
[EventDate "2014.06.07"]

1. e4 e5 2. Nf3 Nc6 3. Bc4 Bc5 4. b4 d5 5. exd5 Nxb4 6. O-O Nxd5 7. Nxe5 Nh6 8.
d4 O-O 9. dxc5 c6 10. Bxd5 cxd5 11. Nc3 Be6 12. Bf4 f6 13. Nd3 b6 14. Rb1 d4
15. Ne2 Bxa2 16. Rb4 bxc5 17. Nxc5 Qe7 18. Nd3 Nf5 19. Re1 Qd7 20. Qa1 Qd5 21.
Nxd4 Nh4 22. Nf3 Nxf3+ 23. gxf3 Bc4 24. Rd1 a5 25. Ra4 Bxd3 26. Rxd3 Qc5 27.
Qa2+ Kh8 28. Bg3 Rfd8 29. Rxd8+ Rxd8 30. Rxa5 Rd1+ 31. Kg2 Rd8 32. Ra8 Rxa8 33.
Qxa8+ Qc8 34. Qxc8# 1-0